[Event "Oberliga Ost-B 1718"]
[Site "Germany"]
[Date "2018.02.25"]
[Round "8.7"]
[White "Timpel, Klaus"]
[Black "Guenther, Christian1111"]
[Result "0-1"]
[WhiteElo "2167"]
[BlackElo "2137"]
[PlyCount "68"]
[EventDate "2017.10.22"]
[EventType "team-tourn"]
[EventRounds "11"]
[EventCountry "GER"]
[SourceTitle "EXT 2019"]
[Source "ChessBase"]
[SourceDate "2018.10.10"]
[SourceVersion "1"]
[SourceVersionDate "2018.10.10"]
[SourceQuality "1"]
[WhiteTeam "Schoeneck"]
[BlackTeam "Sangerhausen"]
[WhiteTeamCountry "GER"]
[BlackTeamCountry "GER"]

1. e4 Nf6 2. d3 d5 3. e5 Nfd7 4. d4 c5 5. c3 Nc6 6. Nf3 e6 7. Be2 Be7 8. 0-0 cxd4 9. cxd4 f6 10. exf6 Bxf6 11. Nc3 a6 12. Re1 0-0 13. Bf1 Re8 14. g3 b5 15. Bh3 Nf8 16. Ne5 Nxe5 17. dxe5 Be7 18. Be3 Bb7 19. Ne2 Bb4 20. Rf1 Rc8 21. a4 bxa4 22. Rxa4 a5 23. Nd4 Ba6 24. Qg4 Bxf1 25. Bxf1 Qc7 26. Bb5 Qxe5 27. Nc6 Qxb2 28. Nxb4 axb4 29. Rxb4 Qf6 30. Bxe8 Rxe8 31. Rb7 h6 32. Qa4 Rd8 33. Bb6 Rc8 34. f4 Qb2 0-1

[Event "Oberliga Ost-B 0910"]
[Site "Germany"]
[Date "2009.12.13"]
[Round "5.6"]
[White "Vollmar, Rainer"]
[Black "Timpel, Klaus"]
[Result "1/2-1/2"]
[WhiteElo "2148"]
[BlackElo "2206"]
[PlyCount "99"]
[EventDate "2009.10.18"]
[EventType "team-tourn"]
[EventRounds "11"]
[EventCountry "GER"]
[SourceTitle "EXT 2011"]
[Source "ChessBase"]
[SourceDate "2010.11.26"]
[SourceVersion "1"]
[SourceVersionDate "2010.11.26"]
[SourceQuality "1"]
[WhiteTeam "Frankfurt BvK"]
[BlackTeam "Schoeneck"]
[WhiteTeamCountry "GER"]
[BlackTeamCountry "GER"]

1. c4 g6 2. g3 Bg7 3. Bg2 e5 4. Nc3 d6 5. Nf3 f5 6. d3 Nf6 7. 0-0 0-0 8. Rb1 a5 9. a3 Nc6 10. b4 axb4 11. axb4 h6 12. b5 Ne7 13. Qc2 g5 14. Bb2 f4 15. Ra1 Rb8 16. c5 fxg3 17. hxg3 Ng4 18. b6 dxc5 19. bxc7 Qxc7 20. Ne4 b6 21. Qc4+ Kh8 22. d4 exd4 23. Bxd4 Nf5 24. Bxg7+ Qxg7 25. Rad1 Ne5 26. Nxe5 Qxe5 27. e3 Bb7 28. Rd7 Bc6 29. Rfd1 Rbe8 30. Nxg5 Bxd7 31. Nf7+ Rxf7 32. Qxf7 Re7 33. Qf8+ Kh7 34. Rd5 Qg7 35. Rxf5 Bxf5 36. Qxf5+ Qg6 37. Qf8 Rf7 38. Qe8 Qb1+ 39. Bf1 Kg7 40. Qe5+ Kg8 41. Qe8+ Kg7 42. Qe5+ Rf6 43. Qe7+ Rf7 44. Qe5+ Kf8 45. Qb8+ Ke7 46. Qc7+ Ke6 47. Qc6+ Ke7 48. Qc7+ Kf6 49. Qd6+ Kg7 50. Qe5+ 1/2-1/2

[Event "Oberliga Ost-B 0910"]
[Site "Germany"]
[Date "2009.11.14"]
[Round "2.5"]
[White "Timpel, Klaus"]
[Black "Jakob, Matthias"]
[Result "0-1"]
[WhiteElo "2206"]
[BlackElo "2102"]
[PlyCount "98"]
[EventDate "2009.10.18"]
[EventType "team-tourn"]
[EventRounds "11"]
[EventCountry "GER"]
[SourceTitle "EXT 2011"]
[Source "ChessBase"]
[SourceDate "2010.11.26"]
[SourceVersion "1"]
[SourceVersionDate "2010.11.26"]
[SourceQuality "1"]
[WhiteTeam "Schoeneck"]
[BlackTeam "Erfurt Medizin"]
[WhiteTeamCountry "GER"]
[BlackTeamCountry "GER"]

1. e4 e5 2. Nf3 Nc6 3. Bc4 Nf6 4. d3 Be7 5. 0-0 d6 6. h3 0-0 7. c3 h6 8. Re1 Na5 9. Bb5 a6 10. Ba4 b5 11. Bc2 c5 12. Nbd2 Qc7 13. Nf1 Bd7 14. Ne3 Rac8 15. Bd2 Nc6 16. Rc1 Be6 17. Bb3 Rcd8 18. Bd5 Rfe8 19. a4 Bf8 20. axb5 axb5 21. Ra1 Bxd5 22. exd5 Ne7 23. c4 Rb8 24. Qc2 Qb7 25. Bc3 b4 26. Bd2 Ra8 27. b3 g6 28. Rxa8 Rxa8 29. Bc1 Bg7 30. Nd2 Ne8 31. g4 Ra1 32. Kf1 Qa7 33. Bb2 Ra2 34. Rb1 Qa8 35. Qd1 Qc8 36. f3 f5 37. Qc1 h5 38. Ke2 hxg4 39. hxg4 Qd7 40. Qg1 e4 41. Bxg7 exf3+ 42. Kxf3 Kxg7 43. Ke2 f4 44. Nef1 Nf6 45. g5 Nh5 46. d4 Qf5 47. Re1 Qe4+ 48. Kf2 Qxd4+ 49. Kg2 f3+ 0-1

[Event "Oberliga Ost-B 0910"]
[Site "Germany"]
[Date "2009.10.18"]
[Round "1.4"]
[White "Timpel, Klaus"]
[Black "Troyke, Doreen"]
[Result "0-1"]
[WhiteElo "2206"]
[BlackElo "2105"]
[PlyCount "66"]
[EventDate "2009.10.18"]
[EventType "team-tourn"]
[EventRounds "11"]
[EventCountry "GER"]
[SourceTitle "EXT 2011"]
[Source "ChessBase"]
[SourceDate "2010.11.26"]
[SourceVersion "1"]
[SourceVersionDate "2010.11.26"]
[SourceQuality "1"]
[WhiteTeam "Schoeneck"]
[BlackTeam "Erfurt SK II"]
[WhiteTeamCountry "GER"]
[BlackTeamCountry "GER"]

1. e4 c5 2. Nf3 d6 3. d3 Nc6 4. g3 g6 5. Bg2 Bg7 6. 0-0 e6 7. Re1 Nge7 8. Nbd2 0-0 9. Nf1 b6 10. h4 h6 11. c3 Bb7 12. d4 cxd4 13. Nxd4 Nxd4 14. cxd4 Rc8 15. Be3 Qd7 16. Qd2 Kh7 17. Nh2 f5 18. f3 Rc7 19. Rac1 Rfc8 20. Rc3 Ng8 21. g4 Nf6 22. g5 hxg5 23. hxg5 Nh5 24. Nf1 Qe7 25. Rxc7 Qxc7 26. Qb4 Rf8 27. Nd2 fxe4 28. fxe4 Nf4 29. Bf1 Qe7 30. Bxf4 Rxf4 31. Bg2 Qxg5 32. Qxd6 Qg3 33. Nf3 Rxf3 0-1

[Event "BL2-Ost 0809"]
[Site "Germany"]
[Date "2008.11.30"]
[Round "3.5"]
[White "Timpel, Klaus"]
[Black "Hellmayr, Alois"]
[Result "1-0"]
[WhiteElo "2210"]
[BlackElo "2330"]
[PlyCount "71"]
[EventDate "2008.10.05"]
[EventType "team-tourn"]
[EventRounds "9"]
[EventCountry "GER"]
[SourceTitle "CBM 129 Extra"]
[Source "ChessBase"]
[SourceDate "2009.05.05"]
[SourceVersion "2"]
[SourceVersionDate "2009.05.20"]
[SourceQuality "1"]
[WhiteTeam "Schoeneck"]
[BlackTeam "Passau"]
[WhiteTeamCountry "GER"]
[BlackTeamCountry "GER"]

1. e4 c5 2. Nf3 e6 3. d3 Nc6 4. g3 d5 5. Qe2 d4 6. e5 Nge7 7. Bg2 Nd5 8. 0-0 Be7 9. Rd1 b6 10. c4 dxc3 11. bxc3 Bb7 12. h4 h6 13. Bb2 0-0 14. Nbd2 Rc8 15. Ne4 Rc7 16. Nh2 Rd7 17. Qh5 f5 18. exf6 Nxf6 19. Nxf6+ Bxf6 20. Ng4 Rxd3 21. Nxh6+ gxh6 22. Qg6+ Bg7 23. Rxd3 Qe7 24. Re1 Rf6 25. Qg4 Qf7 26. Qe2 c4 27. Rd6 Na5 28. Rd8+ Kh7 29. h5 Bxg2 30. Kxg2 Nc6 31. Qe4+ Rf5 32. Qxc6 Rxf2+ 33. Kg1 Rxb2 34. Qe4+ Qf5 35. Qxf5+ exf5 36. Re7 1-0

[Event "BL2-Ost 0809"]
[Site "Germany"]
[Date "2008.10.26"]
[Round "2.5"]
[White "Schoeneberg, Manfred"]
[Black "Timpel, Klaus"]
[Result "1-0"]
[WhiteElo "2300"]
[BlackElo "2210"]
[PlyCount "49"]
[EventDate "2008.10.05"]
[EventType "team-tourn"]
[EventRounds "9"]
[EventCountry "GER"]
[SourceTitle "CBM 129 Extra"]
[Source "ChessBase"]
[SourceDate "2009.05.05"]
[SourceVersion "2"]
[SourceVersionDate "2009.05.20"]
[SourceQuality "1"]
[WhiteTeam "Leipzig Lok"]
[BlackTeam "Schoeneck"]
[WhiteTeamCountry "GER"]
[BlackTeamCountry "GER"]

1. Nf3 g6 2. d4 Bg7 3. c4 Nf6 4. g3 c5 5. Bg2 0-0 6. 0-0 Nc6 7. Nc3 cxd4 8. Nxd4 Qa5 9. Nc2 d6 10. Nd5 Be6 11. Bd2 Qd8 12. Bc3 Ne8 13. Bxg7 Nxg7 14. Nd4 Bd7 15. Rc1 Nxd4 16. Qxd4 Bc6 17. Rfd1 Rc8 18. Bh3 f5 19. e4 e6 20. Nc3 Qf6 21. Qxf6 Rxf6 22. Rxd6 fxe4 23. Re1 Rcf8 24. Rd2 Nf5 25. Nxe4 1-0

[Event "BL2-Ost 0607"]
[Site "Germany"]
[Date "2006.12.10"]
[Round "4.8"]
[White "Timpel, Klaus"]
[Black "Loxine, Jakov"]
[Result "0-1"]
[WhiteElo "2245"]
[BlackElo "2300"]
[PlyCount "104"]
[EventDate "2006.10.15"]
[EventType "team-tourn"]
[EventRounds "9"]
[EventCountry "GER"]
[SourceTitle "EXT 2008"]
[Source "ChessBase"]
[SourceDate "2007.11.25"]
[SourceVersion "1"]
[SourceVersionDate "2007.11.25"]
[SourceQuality "1"]
[WhiteTeam "Schoeneck"]
[BlackTeam "Dresden"]
[WhiteTeamCountry "GER"]
[BlackTeamCountry "GER"]

1. e4 c5 2. Nf3 Nc6 3. d3 g6 4. g3 Bg7 5. Bg2 d6 6. 0-0 Nf6 7. Re1 0-0 8. a4 Bg4 9. h3 Bxf3 10. Qxf3 Nd7 11. c3 a6 12. Qd1 Qc7 13. Na3 Rab8 14. Nc4 b5 15. axb5 axb5 16. Ne3 b4 17. Bd2 e6 18. f4 Na5 19. Qa4 Nb3 20. Nc4 Nxa1 21. Qxa1 Nb6 22. Qa5 Rfc8 23. cxb4 Nxc4 24. Qxc7 Rxc7 25. dxc4 cxb4 26. b3 Bd4+ 27. Be3 Bc5 28. Kf1 Kf8 29. Bf3 Bxe3 30. Rxe3 Rc5 31. Rd3 Ke7 32. Ke2 Ra8 33. Ke3 Ra2 34. Be2 Rb2 35. g4 Ra5 36. g5 Raa2 37. Bg4 Rh2 38. e5 dxe5 39. fxe5 Rac2 40. Kd4 Rhd2 41. Rxd2 Rxd2+ 42. Kc5 Rd3 43. Kxb4 Re3 44. c5 Kd7 45. Kc4 Kc6 46. b4 Re4+ 47. Kc3 Kb5 48. c6 Rc4+ 49. Kb3 Rxc6 50. Be2+ Kb6 51. Bc4 Rc7 52. Kc3 Rd7 0-1

[Event "BL2-Ost 0607"]
[Site "Germany"]
[Date "2006.11.19"]
[Round "3.8"]
[White "Linhart, Wolfgang"]
[Black "Timpel, Klaus"]
[Result "0-1"]
[WhiteElo "2220"]
[BlackElo "2245"]
[PlyCount "74"]
[EventDate "2006.10.15"]
[EventType "team-tourn"]
[EventRounds "9"]
[EventCountry "GER"]
[SourceTitle "EXT 2008"]
[Source "ChessBase"]
[SourceDate "2007.11.25"]
[SourceVersion "1"]
[SourceVersionDate "2007.11.25"]
[SourceQuality "1"]
[WhiteTeam "Passau"]
[BlackTeam "Schoeneck"]
[WhiteTeamCountry "GER"]
[BlackTeamCountry "GER"]

1. d4 g6 2. Nf3 Bg7 3. Bf4 Nf6 4. e3 d6 5. Be2 0-0 6. h3 c5 7. c3 b6 8. 0-0 Bb7 9. Nbd2 Re8 10. Bc4 Nbd7 11. b4 e5 12. Bg5 h6 13. Bh4 Qe7 14. bxc5 bxc5 15. Rb1 Nb6 16. Bb5 Rec8 17. dxe5 dxe5 18. Qc2 e4 19. Bxf6 Bxf6 20. Nh2 Bg7 21. Rfc1 Rab8 22. Be2 Kf8 23. Nhf1 Bc6 24. Bb5 Ba8 25. Ng3 f5 26. Ne2 Bd5 27. a4 Bf7 28. g3 Rd8 29. Rd1 Nd7 30. Bxd7 Rxb1 31. Nxb1 Rxd7 32. Na3 Qd8 33. Rxd7 Qxd7 34. Nf4 g5 35. Ng2 Qd3 36. Qxd3 exd3 37. Nb1 Ba2 0-1

[Event "Hessenliga 0607"]
[Site "Germany"]
[Date "2006.11.12"]
[Round "4.8"]
[White "Neu, Peter"]
[Black "Timpel, Klaus"]
[Result "1-0"]
[WhiteElo "2099"]
[BlackElo "2246"]
[PlyCount "87"]
[EventDate "2006.09.17"]
[EventType "team"]
[EventRounds "9"]
[EventCountry "GER"]
[SourceTitle "EXT 2008"]
[Source "ChessBase"]
[SourceDate "2007.11.25"]
[SourceVersion "1"]
[SourceVersionDate "2007.11.25"]
[SourceQuality "1"]
[WhiteTeam "Frankfurt BvK II"]
[BlackTeam "Schoeneck II"]
[WhiteTeamCountry "GER"]
[BlackTeamCountry "GER"]

1. e4 g6 2. d4 Bg7 3. Nc3 d6 4. Be3 Nd7 5. Nf3 a6 6. Qd2 e6 7. Bd3 h6 8. 0-0 Ne7 9. a4 b6 10. Rad1 Bb7 11. Rfe1 Kf8 12. h3 Kg8 13. b4 Kh7 14. Ne2 Rf8 15. Ng3 f5 16. exf5 exf5 17. Nh4 Nf6 18. Nhxf5 gxf5 19. Nxf5 Nxf5 20. Bxf5+ Kh8 21. Bxh6 Ng8 22. Bxg7+ Kxg7 23. Be4 Bxe4 24. Rxe4 Rf5 25. Rde1 Qf6 26. d5 b5 27. a5 Rf8 28. f3 Rf4 29. c3 Rf7 30. Kh2 Rxe4 31. Rxe4 Ne7 32. Re6 Qf5 33. Qh6+ Kg8 34. Qe3 Nxd5 35. Re8+ Kg7 36. Qd2 Qf4+ 37. Qxf4 Nxf4 38. Kg3 Nd5 39. Ra8 Nxc3 40. Rxa6 Nd5 41. Ra8 Nxb4 42. a6 Nc6 43. a7 b4 44. Rg8+ 1-0

[Event "Hessenliga 0506"]
[Site "Germany"]
[Date "2006.03.19"]
[Round "10.3"]
[White "Timpel, Klaus"]
[Black "Laehnwitz, Alexander"]
[Result "1-0"]
[WhiteElo "2267"]
[BlackElo "2081"]
[PlyCount "91"]
[EventDate "2005.09.11"]
[EventType "team"]
[EventRounds "11"]
[EventCountry "GER"]
[SourceTitle "EXT 2007"]
[Source "ChessBase"]
[SourceDate "2006.11.23"]
[SourceVersion "1"]
[SourceVersionDate "2006.11.23"]
[SourceQuality "1"]
[WhiteTeam "Schoeneck II"]
[BlackTeam "Biebertal"]
[WhiteTeamCountry "GER"]
[BlackTeamCountry "GER"]

1. e4 c6 2. c4 e6 3. Nc3 d5 4. d4 dxe4 5. Nxe4 Bb4+ 6. Nc3 Nf6 7. a3 Bxc3+ 8. bxc3 c5 9. Nf3 Nc6 10. Be2 0-0 11. 0-0 b6 12. Bf4 Na5 13. dxc5 Qxd1 14. Raxd1 bxc5 15. Bc7 Nc6 16. Nd2 Ba6 17. Nb3 Ne4 18. Rc1 Rac8 19. Bf4 g5 20. Be3 Ne7 21. Bd3 Nf5 22. Bxe4 Nxe3 23. fxe3 Bxc4 24. Nd2 Bxf1 25. Kxf1 Rb8 26. Nc4 Rfd8 27. Ke2 f6 28. a4 h5 29. a5 Kf8 30. a6 Ke7 31. Bb7 Rd7 32. Na5 Rd6 33. Nc6+ Rxc6 34. Bxc6 Rb2+ 35. Kd3 Kd6 36. Bb7 f5 37. Rd1 Kc7 38. Kc4 Re2 39. Kxc5 Rxe3 40. c4 f4 41. Rb1 g4 42. Kd4 e5+ 43. Kc5 Re2 44. Bd5 Ra2 45. Rb7+ Kd8 46. Rxa7 1-0

[Event "Hessenliga 0506"]
[Site "Germany"]
[Date "2006.01.22"]
[Round "7.3"]
[White "Erwes, Theo"]
[Black "Timpel, Klaus"]
[Result "0-1"]
[WhiteElo "2103"]
[BlackElo "2267"]
[PlyCount "72"]
[EventDate "2005.09.11"]
[EventType "team"]
[EventRounds "11"]
[EventCountry "GER"]
[SourceTitle "EXT 2007"]
[Source "ChessBase"]
[SourceDate "2006.11.23"]
[SourceVersion "1"]
[SourceVersionDate "2006.11.23"]
[SourceQuality "1"]
[WhiteTeam "Limburg"]
[BlackTeam "Schoeneck II"]
[WhiteTeamCountry "GER"]
[BlackTeamCountry "GER"]

1. Nf3 g6 2. g3 Bg7 3. Bg2 e5 4. 0-0 d5 5. d3 Ne7 6. e4 d4 7. c4 c5 8. Na3 0-0 9. Nc2 Nec6 10. a3 a5 11. b3 Na6 12. Bd2 Rb8 13. b4 b5 14. cxb5 Rxb5 15. a4 Rxb4 16. Bxb4 cxb4 17. Nd2 Be6 18. Ne1 Qb8 19. Nb3 Rc8 20. f4 f6 21. f5 Bf7 22. fxg6 hxg6 23. Nf3 Ne7 24. Rb1 Rc3 25. Ne1 Qb6 26. Rb2 Nc5 27. Nxc5 Qxc5 28. Nf3 Bh6 29. Nh4 Rc1 30. Qf3 Rxf1+ 31. Qxf1 Qc1 32. Qxc1 Bxc1 33. Rb1 Be3+ 34. Kf1 Ba2 35. Rb2 b3 36. Bh3 Kf7 0-1

[Event "Hessenliga 0506"]
[Site "Germany"]
[Date "2005.12.04"]
[Round "5.3"]
[White "Klingelhoefer, Stefan"]
[Black "Timpel, Klaus"]
[Result "0-1"]
[WhiteElo "2277"]
[BlackElo "2267"]
[PlyCount "90"]
[EventDate "2005.09.11"]
[EventType "team"]
[EventRounds "11"]
[EventCountry "GER"]
[SourceTitle "EXT 2007"]
[Source "ChessBase"]
[SourceDate "2006.11.23"]
[SourceVersion "1"]
[SourceVersionDate "2006.11.23"]
[SourceQuality "1"]
[WhiteTeam "Giessen"]
[BlackTeam "Schoeneck II"]
[WhiteTeamCountry "GER"]
[BlackTeamCountry "GER"]

1. d4 Nf6 2. Nf3 g6 3. Bg5 Bg7 4. Nbd2 0-0 5. c3 d6 6. e4 c5 7. dxc5 dxc5 8. h3 Qc7 9. Be2 Nc6 10. 0-0 b6 11. Qc2 Bb7 12. Rfe1 h6 13. Be3 Rac8 14. Nc4 a6 15. a4 Nb8 16. Nfd2 Nbd7 17. Qb1 Ne5 18. Bf4 Nfd7 19. Nxe5 Nxe5 20. Nc4 g5 21. Bg3 Ra8 22. Bf1 Bc6 23. Ne3 e6 24. Ng4 h5 25. Ne3 b5 26. axb5 axb5 27. Rxa8 Rxa8 28. h4 Qe7 29. hxg5 Qxg5 30. Kh1 Qg6 31. Bh2 Bxe4 32. Qd1 Nd3 33. Bxd3 Bxd3 34. f3 Ra2 35. Qb3 Ra8 36. Qd1 c4 37. Qd2 Bh6 38. Qf2 Ra2 39. Nd1 Ra1 40. Ne3 Ra2 41. Nd1 Ra1 42. Qd4 Bg7 43. Qd8+ Kh7 44. Qh4 Bh6 45. Ne3 Qg5 0-1

[Event "Oberliga Ost-B 0405"]
[Site "Germany"]
[Date "2005.01.30"]
[Round "8.6"]
[White "Timpel, Klaus"]
[Black "Regis, Georg"]
[Result "0-1"]
[WhiteElo "2303"]
[BlackElo "2129"]
[PlyCount "44"]
[EventDate "2004.10.10"]
[EventType "team-tourn"]
[EventRounds "11"]
[EventCountry "GER"]
[SourceTitle "EXT 2006"]
[Source "ChessBase"]
[SourceDate "2005.11.24"]
[SourceVersion "1"]
[SourceVersionDate "2005.11.24"]
[SourceQuality "1"]
[WhiteTeam "Schoeneck"]
[BlackTeam "Wiesbaden Dotzheim"]
[WhiteTeamCountry "GER"]
[BlackTeamCountry "GER"]

1. e4 e6 2. c4 d5 3. cxd5 exd5 4. exd5 Nf6 5. Bb5+ Nbd7 6. Nc3 Be7 7. Nf3 0-0 8. 0-0 Nb6 9. Ne5 Nbxd5 10. d4 Be6 11. Re1 c5 12. Bg5 cxd4 13. Qxd4 Nxc3 14. Qxc3 Qb6 15. Qd3 Rad8 16. Qe2 Rd5 17. Bc4 Rxe5 18. Qxe5 Ng4 19. Qe2 Bxg5 20. Bxe6 Qxe6 21. Qb5 Qf6 22. f3 Qd4+ 0-1

[Event "Oberliga Ost-B 0405"]
[Site "Germany"]
[Date "2004.11.28"]
[Round "4.6"]
[White "Timpel, Klaus"]
[Black "Mueller Ludwig, Kristin"]
[Result "0-1"]
[WhiteElo "2303"]
[BlackElo "2089"]
[PlyCount "66"]
[EventDate "2004.10.10"]
[EventType "team-tourn"]
[EventRounds "11"]
[EventCountry "GER"]
[SourceTitle "EXT 2006"]
[Source "ChessBase"]
[SourceDate "2005.11.24"]
[SourceVersion "1"]
[SourceVersionDate "2005.11.24"]
[SourceQuality "1"]
[WhiteTeam "Schoeneck"]
[BlackTeam "Erfurt Medizin"]
[WhiteTeamCountry "GER"]
[BlackTeamCountry "GER"]

1. e4 e6 2. d3 d5 3. Nd2 Nf6 4. g3 c5 5. Bg2 Nc6 6. Ngf3 Be7 7. 0-0 0-0 8. Re1 b5 9. e5 Nd7 10. Nf1 a5 11. h4 Ba6 12. Bf4 b4 13. N1h2 Bb5 14. Bh3 Qe8 15. Ng5 Bd8 16. Qg4 Nd4 17. Rac1 Nb6 18. c3 Nc6 19. c4 dxc4 20. dxc4 Nxc4 21. b3 Bxg5 22. hxg5 Nb2 23. Qh4 Nd3 24. Ng4 Nd4 25. Bg2 Nxe1 26. Rxe1 Bd3 27. Nf6+ gxf6 28. gxf6 Kh8 29. Bh6 Rg8 30. Bg7+ Rxg7 31. fxg7+ Kg8 32. Bxa8 Qxa8 33. Qe7 Nf3+ 0-1

[Event "Oberliga Ost-B 0304"]
[Site "Germany"]
[Date "2004.03.28"]
[Round "9.5"]
[White "Regis, Georg"]
[Black "Timpel, Klaus"]
[Result "0-1"]
[WhiteElo "2120"]
[BlackElo "2295"]
[PlyCount "46"]
[EventDate "2003.11.02"]
[EventType "team-tourn"]
[EventRounds "11"]
[EventCountry "GER"]
[SourceTitle "EXT 2005"]
[Source "ChessBase"]
[SourceDate "2004.11.15"]
[SourceVersion "1"]
[SourceVersionDate "2004.11.15"]
[SourceQuality "1"]
[WhiteTeam "Dotzheim"]
[BlackTeam "Schoeneck"]
[WhiteTeamCountry "GER"]
[BlackTeamCountry "GER"]

1. e4 g6 2. Nf3 Bg7 3. g3 d5 4. exd5 Qxd5 5. Bg2 Qe4+ 6. Kf1 Nf6 7. d3 Qb4 8. Nbd2 0-0 9. Ke2 Nd5 10. Nb3 a5 11. c4 Nb6 12. Qd2 Nc6 13. Qxb4 Nxb4 14. a3 Nc2 15. Rb1 Rd8 16. Bf4 e5 17. Bg5 f6 18. Rbc1 fxg5 19. Rxc2 Rxd3 20. Kxd3 Bf5+ 21. Kd2 g4 22. Nh4 Bh6+ 23. Kc3 Na4# 0-1

[Event "Oberliga Ost-B 0304"]
[Site "Germany"]
[Date "2004.03.07"]
[Round "8.5"]
[White "Timpel, Klaus"]
[Black "Schmidt, Lothar"]
[Result "1-0"]
[WhiteElo "2295"]
[BlackElo "2123"]
[PlyCount "101"]
[EventDate "2003.11.02"]
[EventType "team-tourn"]
[EventRounds "11"]
[EventCountry "GER"]
[SourceTitle "EXT 2005"]
[Source "ChessBase"]
[SourceDate "2004.11.15"]
[SourceVersion "1"]
[SourceVersionDate "2004.11.15"]
[SourceQuality "1"]
[WhiteTeam "Schoeneck"]
[BlackTeam "Jena Glas"]
[WhiteTeamCountry "GER"]
[BlackTeamCountry "GER"]

1. e4 e6 2. d3 g6 3. Nf3 Bg7 4. g3 c5 5. Bg2 Nc6 6. 0-0 Nge7 7. Re1 0-0 8. h4 d5 9. e5 h6 10. Bf4 Kh7 11. Nbd2 Qc7 12. c3 b6 13. Nf1 Ba6 14. N1h2 Rae8 15. Ng4 Ng8 16. Qd2 Qd8 17. Rad1 Nce7 18. a4 Nf5 19. b4 Qd7 20. b5 Bb7 21. d4 Rc8 22. Bf1 Qe7 23. Ne3 Rc7 24. Bd3 Rfc8 25. Nxf5 gxf5 26. g4 Rf8 27. gxf5 exf5 28. Bxf5+ Kh8 29. Bb1 Qe6 30. Qd3 Qg6+ 31. Bg3 Qxd3 32. Bxd3 Re7 33. h5 Bc8 34. Nh4 Bg4 35. Be2 Bxe2 36. Rxe2 cxd4 37. cxd4 Rc8 38. Nf5 Rec7 39. Nd6 Rf8 40. f4 f5 41. Bh4 Ne7 42. Rg2 Nc8 43. Rg6 Kh7 44. Rd2 Nxd6 45. Rxd6 Rg8 46. Rg2 Bf8 47. Rxd5 Rxg2+ 48. Kxg2 Rc2+ 49. Kf3 Rh2 50. Rd7+ Kg8 51. Bf6 1-0

[Event "Oberliga Ost-B 0304"]
[Site "Germany"]
[Date "2004.02.15"]
[Round "7.6"]
[White "Timpel, Klaus"]
[Black "Wohlfart, Paulus"]
[Result "0-1"]
[WhiteElo "2295"]
[BlackElo "2206"]
[PlyCount "79"]
[EventDate "2003.11.02"]
[EventType "team-tourn"]
[EventRounds "11"]
[EventCountry "GER"]
[SourceTitle "EXT 2005"]
[Source "ChessBase"]
[SourceDate "2004.11.15"]
[SourceVersion "1"]
[SourceVersionDate "2004.11.15"]
[SourceQuality "1"]
[WhiteTeam "Schoeneck"]
[BlackTeam "Moerlenbach"]
[WhiteTeamCountry "GER"]
[BlackTeamCountry "GER"]

1. e4 c5 2. Nf3 g6 3. d4 Bg7 4. dxc5 Qa5+ 5. c3 Qxc5 6. Be3 Qc7 7. Bd4 e5 8. Be3 Nf6 9. Na3 0-0 10. Nb5 Qc6 11. Nxe5 Qxe4 12. Nxf7 d5 13. Nfd6 Qe7 14. Nxc8 Rxc8 15. Be2 Nc6 16. 0-0 a6 17. Nd4 Ne5 18. Bg5 Qf7 19. Bxf6 Bxf6 20. Qb3 Re8 21. Rad1 Rad8 22. h3 Re7 23. Qb6 Ree8 24. Qb3 Re7 25. Qc2 Rde8 26. b3 Kh8 27. Rfe1 Nd7 28. Kf1 Nc5 29. Bf3 Ne4 30. Re2 Ng5 31. Rxe7 Rxe7 32. Be2 Be5 33. Nf3 Nxf3 34. Bxf3 Qf4 35. Qd2 Qh2 36. g3 Qxh3+ 37. Bg2 Qf5 38. Qxd5 Qf6 39. Qd8+ Kg7 40. c4 0-1

[Event "Oberliga Ost-B 0304"]
[Site "Germany"]
[Date "2004.01.18"]
[Round "5.5"]
[White "Heinelt, Manfred"]
[Black "Timpel, Klaus"]
[Result "0-1"]
[WhiteElo "2250"]
[BlackElo "2295"]
[PlyCount "52"]
[EventDate "2003.11.02"]
[EventType "team-tourn"]
[EventRounds "11"]
[EventCountry "GER"]
[SourceTitle "EXT 2005"]
[Source "ChessBase"]
[SourceDate "2004.11.15"]
[SourceVersion "1"]
[SourceVersionDate "2004.11.15"]
[SourceQuality "1"]
[WhiteTeam "Kassel Hermania"]
[BlackTeam "Schoeneck"]
[WhiteTeamCountry "GER"]
[BlackTeamCountry "GER"]

1. d4 g6 2. c4 Bg7 3. Nc3 d6 4. e4 Nf6 5. Be2 0-0 6. Bg5 Na6 7. Qd2 c6 8. f4 Qe8 9. Nf3 e5 10. fxe5 dxe5 11. d5 Nc5 12. Qc2 a5 13. 0-0 Nh5 14. Be3 Nd7 15. g3 h6 16. c5 Ndf6 17. Kg2 Qd7 18. d6 Qh3+ 19. Kg1 Ng4 20. Bf2 Nhf6 21. Rfe1 Qh5 22. Bf1 Be6 23. Kg2 Nh7 24. Bg1 f5 25. Qe2 f4 26. h3 Ne3+ 0-1

[Event "Oberliga Ost-B 0304"]
[Site "Germany"]
[Date "2003.11.22"]
[Round "2.5"]
[White "Herges, Udo"]
[Black "Timpel, Klaus"]
[Result "1-0"]
[WhiteElo "2123"]
[BlackElo "2295"]
[PlyCount "169"]
[EventDate "2003.11.02"]
[EventType "team-tourn"]
[EventRounds "11"]
[EventCountry "GER"]
[SourceTitle "EXT 2005"]
[Source "ChessBase"]
[SourceDate "2004.11.15"]
[SourceVersion "1"]
[SourceVersionDate "2004.11.15"]
[SourceQuality "1"]
[WhiteTeam "Frankfurt FTG"]
[BlackTeam "Schoeneck"]
[WhiteTeamCountry "GER"]
[BlackTeamCountry "GER"]

1. e4 g6 2. Nf3 Bg7 3. d4 d6 4. c4 Bg4 5. Be2 Nc6 6. Be3 e5 7. d5 Bxf3 8. gxf3 Nd4 9. Nc3 c5 10. dxc6 bxc6 11. Qa4 Qd7 12. c5 dxc5 13. 0-0-0 Rb8 14. Ba6 Ne7 15. f4 0-0 16. Qa5 exf4 17. Bxf4 Rb6 18. Be3 Qe6 19. Qxc5 Nb3+ 20. axb3 Qxb3 21. Rd2 Rxa6 22. Kb1 Rb8 23. Bd4 Bxd4 24. Qxd4 Rb4 25. Qf6 Rb8 26. Rhd1 Nd5 27. exd5 Qa3 28. Qd8+ Rxd8 29. bxa3 cxd5 30. Nxd5 Kg7 31. Rd3 Rb8+ 32. Ka2 Re6 33. R1d2 Rd8 34. Nb4 Rc8 35. Rd7 a5 36. Nd5 Rc4 37. Ne3 Rh4 38. Nf1 Re1 39. Rd1 Re2+ 40. R7d2 Ree4 41. f3 Ref4 42. Rf2 Rh5 43. Rd3 Re5 44. Re3 Rd5 45. Rd2 Rg5 46. Ng3 h5 47. Ne4 Rg1 48. Kb3 h4 49. Nc3 Rf1 50. Rdd3 Rh1 51. Nd5 Rf5 52. Re2 Rf1 53. f4 Rb1+ 54. Rb2 Rc1 55. Rc2 Re1 56. Ka4 Re4+ 57. Kb3 Kh6 58. h3 f6 59. Rc4 Re1 60. Ne3 Rb5+ 61. Ka4 Rb7 62. Ng2 Rg1 63. Nxh4 Kh5 64. Nf3 Rg3 65. Ne5 Rxd3 66. Nxd3 Re7 67. Kxa5 Re3 68. Rd4 Rxh3 69. a4 g5 70. fxg5 fxg5 71. Kb5 Rf3 72. Ne1 Rf2 73. Re4 g4 74. a5 Rb2+ 75. Rb4 Re2 76. Nd3 Kg5 77. a6 Ra2 78. Ra4 Rd2 79. a7 Rxd3 80. a8Q Rb3+ 81. Kc4 Rf3 82. Qg8+ Kh4 83. Qh8+ Kg5 84. Ra5+ Kf4 85. Qe5# 1-0